| 000 | 00385 a2200145 4500 | ||
|---|---|---|---|
| 999 |
_c12074 _d12074 |
||
| 003 | OSt | ||
| 005 | 20240110134318.0 | ||
| 008 | 240110b ||||| |||| 00| 0 eng d | ||
| 020 | _a9788968010354 | ||
| 082 | _a711.4095195 | ||
| 100 | _a Marco Bruno Simone Carena Minji Kim | ||
| 245 |
_a Borrowed city : _b private use of public space in Seoul |
||
| 260 |
_bDamdi _c2016 |
||
| 942 | _2ddc | ||